Countries with Greek embassies - Statistics

General Stats
  • This quiz has been taken 119 times
  • The average score is 64 of 83
Answer Stats
Continent Country % Correct
Europe United Kingdom
98%
North America United States of America
95%
Asia/ Europe Russia
94%
Europe Spain
94%
Europe Austria
93%
Europe Germany
93%
North America Canada
91%
Asia China
91%
Asia/ Europe Turkey
91%
Europe France
90%
Europe Italy
90%
Europe Romania
90%
Oceania Australia
89%
Europe Portugal
89%
Africa Egypt
88%
Asia Japan
88%
Europe Norway
88%
South America Argentina
86%
South America Brazil
86%
Europe Bulgaria
86%
Europe Denmark
86%
Europe Finland
86%
North America Mexico
86%
Europe Sweden
86%
Europe Belgium
85%
Asia India
85%
Europe Ireland
85%
Europe Serbia
85%
Europe Croatia
84%
Europe Albania
83%
Europe Hungary
83%
Europe Latvia
83%
Europe Lithuania
83%
Europe Bosnia and Herzegovina
81%
Asia South Korea
81%
Europe Ukraine
81%
South America Chile
80%
Europe Slovakia
80%
Europe Slovenia
80%
Africa Algeria
79%
Europe Poland
79%
Europe Czech Republic
78%
Europe Estonia
78%
Asia Iran
78%
South America Peru
78%
Africa South Africa
78%
Europe Switzerland
78%
Europe the Netherlands
78%
Asia Vietnam
78%
Asia Iraq
77%
Asia Israel
77%
Asia Indonesia
75%
Asia Pakistan
75%
Asia Saudi Arabia
75%
North America Cuba
74%
Europe Kosovo
74%
Europe Macedonia
74%
Asia Thailand
74%
Europe Cyprus
73%
Asia Armenia
72%
Africa Morocco
72%
Europe Montenegro
70%
Africa Tunesia
70%
Europe Malta
69%
Asia United Arab Emirates
69%
South America Venezuela
68%
Asia Azerbaijan
65%
Asia Georgia
65%
Europe Luxembourg
65%
Africa Ethiopia
64%
Asia Kuwait
64%
Europe Vatican City
64%
Asia Qatar
63%
Asia Jordan
60%
Africa Kenya
59%
Africa Nigeria
59%
Asia the Philippines
59%
South America Uruguay
59%
Asia Lebanon
57%
Africa Democratic Republic of the Congo
54%
Asia Kazakhstan
54%
Africa Sudan
51%
Africa Zimbabwe
43%
No matching quizzes found
Score Distribution
Percent of People with Each Score
Percentile by Number Answered
Your Score History
You have not taken this quiz